Espacios paralelos y perpendiculares: una experiencia innovadora para la inclusión educativa / (Registro nro. 32719)
[ vista simple ]
| 000 -CABECERA | |
|---|---|
| campo fijo de control de longitud | 01613nab a2200253 4500 |
| 003 - IDENTIFICADOR DEL NÚMERO DE CONTROL | |
| campo de control | AR-RoBPED |
| 005 - FECHA Y HORADE LA ULTIMA TRANSACCION | |
| campo de control | 20260507102052.0 |
| 008 - ELEMENTOS DE LONGITUD FIJA--INFORMACION GENERAL | |
| campo fijo de control de longitud | 260507b |||||||| |||| 00| 0 spa d |
| 040 ## - FUENTE CATALOGADORA | |
| Centro catalogador/agencia de origen | AR-RoBPED |
| 041 ## - IDIOMA | |
| Código de idioma para texto/pista de sonido o título independiente | spa |
| 100 1# - ENCABEZAMIENTO PRINCIPAL--AUTOR PERSONAL | |
| Nombre de persona | Gómez, Gustavo R. |
| 9 (RLIN) | 30907 |
| Función | Profesor para la Enseñanza en el Nivel Primario y licenciado en Educación |
| 245 1# - TITULO | |
| Título | Espacios paralelos y perpendiculares: una experiencia innovadora para la inclusión educativa / |
| 260 ## - PUBLICACION | |
| Lugar | Buenos Aires : |
| Editor | Noveduc, |
| Fecha | 2023 |
| 300 ## - DESCRIPCION FISICA | |
| Extensión | 21-23 p. |
| 500 ## - NOTA GENERAL | |
| Nota general | Se describe un proyecto implementado en una escuela primaria, que tiene en cuenta los puntos de partida de cada estudiante para garantizar sus posibilidades de proceso a la lectoescritura en el primer ciclo. El proyecto intenta constituirse en una herramienta innovadora que permita a los docentes una mejora en sus prácticas ofreciendo una variedad de posibilidades de acreditación de saberes. Ante la problemática planteada, se busca iniciar una reflexión sobre las prácticas docentes y las posibilidades de alteración de los modelos educativos por defecto que puedan dar respuestas específicas a necesidades concretas de la comunidad donde se inserta la escuela. |
| 650 #7 - TERMINO DE MATERIA--CONTROLADO | |
| Término controlado | INCLUSION EDUCATIVA |
| 9 (RLIN) | 19761 |
| Término controlado | LECTOESCRITURA |
| 9 (RLIN) | 825 |
| Término controlado | PRACTICA DOCENTE |
| 9 (RLIN) | 1148 |
| Término controlado | NIVEL PRIMARIO |
| 9 (RLIN) | 18876 |
| Término controlado | PROYECTO PEDAGOGICO |
| 9 (RLIN) | 20478 |
| 773 0# - DOCUMENTO FUENTE | |
| Host Biblionumber | 20414 |
| Host Itemnumber | 41865 |
| Place, publisher, and date of publication | Buenos Aires : Noveduc, 1993- |
| Título | Novedades Educativas |
| Record control number | (AR-RoBPED)20414 |
| International Standard Serial Number | 03283534 |
| 942 ## - ELEMENTOS KOHA | |
| Fuente de clasificación | Universal Decimal Classification |
| Koha tipo de ítem | Revistas |
| Clasificación | 37(05) |
| Signatura librística | Nov 86 N° 390 (Sept.2023) |
| Número Koha | k.32719 |
| 945 ## - PROCESAMIENTO DE LA INFORMACIÓN LOCAL | |
| Catalogador y fecha | mar 05/2026 |
No hay ítems disponibles.